Star wars jedi - Statistics

General Stats
  • This quiz has been taken 100 times
  • The average score is 15 of 24
Answer Stats
Picture Answer % Correct
Yoda
100%
Mace Windu
99%
Luke Skywalker
98%
Anakin Skywalker
97%
Obi wan kenobi
95%
Kit Fisto
85%
Ahsoka Tano
84%
Grogu
84%
Plo koon
83%
Ki adi mundi
74%
Ezra Bridger
73%
Yaddle
70%
Kanan Jarrus
60%
Aayla Secura
58%
Luminara Unduli
53%
Quinlan Vos
47%
Eeth koth
42%
Even Piell
39%
Bariss Offee
38%
Saesee Tiin
34%
Agen Kolar
32%
Gungi
27%
Ima gun di
24%
Tera Sinube
17%
No matching quizzes found
Score Distribution
Percent of People with Each Score
Percentile by Number Answered
Your Score History
You have not taken this quiz